000 00507nam a2200205Ia 4500
003 OSt
005 20221007082536.0
006 a|||||r|||| 00| 0
007 ta
008 221006b |||||||| |||| 00| 0 eng d
024 _a20,913
037 _cTextual
040 _aFLL
_cFLL
_beng
041 _2eng
_aeng
082 _aX:321:Z2
100 _aSaraf O.N.
_9699141
245 0 _aLaw of consumer protection in India
942 _hX:321:Z2
_cTEXL
_2CC
999 _c1166783
_d1166783